000 07862cam a2200673 a 4500
005 20100804121525.0
010 _aENG-101393 B-428348-378
020 _a9788132105664
_c350.00
035 _aEN-84926
035 _a B-428348-378
037 _bDBAD/PUB
082 _a808.4
100 1 _aShields, MunLing
_932665
245 1 0 _aEssay writing :
_ba student's guide /
_cby MunLing Shields
260 _aNew Delhi
_bSage Publications
_c2010
270 _aB1/I-1 Mohan Cooperative Industrial Area, Mathura Road
_bNew Delhi
_e110044
300 _axii,224 p.
_c25cm (pbk)
490 0 _aSage study skills series
_932666
500 _aIncludes bibliographical references and index
505 0 _aLearning and writing to use this book -- Answering the essay question -- Planning different types of essay -- Acquiring information -- Assessing information critcally -- Managing information -- Citing information -- Paragraphing: the introduction and conclusion -- Paragraphing: the body of the essay -- Making it flow -- The finishing touches -- Writing exam essays -- Conclusion.
650 0 _aEnglish language
_xRhetoric
_vProblems, exercises, etc.
_932667
650 0 _aEssays
_xAuthorship
_vProblems, exercises, etc.
_932668
650 0 _aReport writing
_vProblems, exercises, etc.
_932669
942 _2ddc
_cEN
_h808.4
_mSHI
999 _c43372
_d43372